[Event "Winnipeg TNT August op"]
[Site "Winnipeg CAN"]
[Date "2009.08.25"]
[Round "4"]
[White "Gibbons, Lorne"]
[Black "Wasserman, Leor"]
[Result "0-1"]
[WhiteElo "1238"]
[BlackElo "1650"]
[PlyCount "63"]
[GameId "2160767910093393"]
[EventDate "2009.08.04"]
[EventType "swiss"]
[EventRounds "4"]
[EventCountry "CAN"]
[SourceTitle "EXT 2011"]
[Source "ChessBase"]
[SourceDate "2011.11.26"]
[SourceVersion "1"]
[SourceVersionDate "2011.11.26"]
[SourceQuality "1"]

1. d4 d5 2. c4 e6 3. Bf4 Nf6 4. e3 c5 5. Nc3 Nc6 6. Nb5 Qa5+ 7. Nc3 Ne4 8. Nge2 cxd4 9. exd4 Bb4 10. Qc2 O-O 11. Bd2 Nxd2 12. Qxd2 dxc4 13. a3 Rd8 14. f4 e5 15. fxe5 Nxe5 16. Nf4 Bf5 17. Rd1 Bxc3 18. Qxc3 Qxc3+ 19. bxc3 Ng6 20. Nxg6 Bxg6 21. Bxc4 Rac8 22. Bxf7+ Bxf7 23. Kd2 Bc4 24. Rhe1 Re8 25. Rxe8+ Rxe8 26. Re1 Rxe1 27. Kxe1 Kf7 28. Kd2 Ke6 29. Ke3 g6 30. Ke4 Kf6 31. h4 h5 32. g4 0-1

[Event "Winnipeg TNT August op"]
[Site "Winnipeg CAN"]
[Date "2009.08.25"]
[Round "4"]
[White "Goodman, Clifford"]
[Black "Evans, Brian"]
[Result "1-0"]
[WhiteElo "1678"]
[BlackElo "1579"]
[PlyCount "23"]
[GameId "2160767910093394"]
[EventDate "2009.08.04"]
[EventType "swiss"]
[EventRounds "4"]
[EventCountry "CAN"]
[SourceTitle "EXT 2011"]
[Source "ChessBase"]
[SourceDate "2011.11.26"]
[SourceVersion "1"]
[SourceVersionDate "2011.11.26"]
[SourceQuality "1"]

1. Nf3 Nf6 2. c4 c5 3. d4 cxd4 4. Nxd4 e5 5. Nc2 d5 6. cxd5 Qxd5 7. Qxd5 Nxd5 8. e4 Nf6 9. Nc3 Bb4 10. Nxb4 O-O 11. Nbd5 Ne8 12. Ne7+ 1-0

[Event "Winnipeg TNT August op"]
[Site "Winnipeg CAN"]
[Date "2009.08.25"]
[Round "4"]
[White "Kaptsan, Aron"]
[Black "Khedkar, Jay S"]
[Result "1/2-1/2"]
[WhiteElo "2027"]
[BlackElo "2008"]
[PlyCount "44"]
[GameId "2160767910093395"]
[EventDate "2009.08.04"]
[EventType "swiss"]
[EventRounds "4"]
[EventCountry "CAN"]
[SourceTitle "EXT 2011"]
[Source "ChessBase"]
[SourceDate "2011.11.26"]
[SourceVersion "1"]
[SourceVersionDate "2011.11.26"]
[SourceQuality "1"]

1. d4 d5 2. c4 e6 3. Nc3 Nf6 4. Nf3 Nbd7 5. e3 c6 6. Bd3 Bd6 7. O-O O-O 8. e4 dxe4 9. Nxe4 Nxe4 10. Bxe4 Nf6 11. Bc2 c5 12. dxc5 Bxc5 13. Qe2 h6 14. Bf4 Qe7 15. Rad1 b6 16. a3 a5 17. Be5 Bb7 18. Nd2 Rfd8 19. Ne4 Nxe4 20. Bxe4 Rxd1 21. Rxd1 Bxe4 22. Qxe4 Rd8 1/2-1/2

[Event "Winnipeg TNT August op"]
[Site "Winnipeg CAN"]
[Date "2009.08.25"]
[Round "4"]
[White "Kernetsky, Myron"]
[Black "Rutter, Blair"]
[Result "0-1"]
[WhiteElo "2009"]
[BlackElo "1810"]
[PlyCount "58"]
[GameId "2160767910093396"]
[EventDate "2009.08.04"]
[EventType "swiss"]
[EventRounds "4"]
[EventCountry "CAN"]
[SourceTitle "EXT 2011"]
[Source "ChessBase"]
[SourceDate "2011.11.26"]
[SourceVersion "1"]
[SourceVersionDate "2011.11.26"]
[SourceQuality "1"]

1. d4 e6 2. c4 f5 3. Nc3 Nf6 4. Nf3 Bb4 5. Bd2 O-O 6. e3 Qe8 7. Bd3 b6 8. O-O d6 9. Ne2 Bxd2 10. Nxd2 Bb7 11. f3 Nbd7 12. Qc2 g6 13. e4 Qe7 14. Rae1 fxe4 15. Nxe4 Nxe4 16. Bxe4 d5 17. Bd3 Qg7 18. Qb3 c5 19. cxd5 exd5 20. Qa4 cxd4 21. Qxd4 Ne5 22. Bb1 Rad8 23. Rd1 Ba6 24. Rf2 Rxf3 25. gxf3 Bxe2 26. Rd2 Nxf3+ 27. Rxf3 Bxf3 28. Bc2 Qe7 29. Rf2 Qg5+ 0-1

[Event "Winnipeg TNT August op"]
[Site "Winnipeg CAN"]
[Date "2009.08.25"]
[Round "4"]
[White "Klokow, John"]
[Black "Pang, Michael"]
[Result "0-1"]
[WhiteElo "1774"]
[BlackElo "1612"]
[PlyCount "115"]
[GameId "2160767910093397"]
[EventDate "2009.08.04"]
[EventType "swiss"]
[EventRounds "4"]
[EventCountry "CAN"]
[SourceTitle "EXT 2011"]
[Source "ChessBase"]
[SourceDate "2011.11.26"]
[SourceVersion "1"]
[SourceVersionDate "2011.11.26"]
[SourceQuality "1"]

1. e4 c5 2. Nf3 d6 3. d4 cxd4 4. Nxd4 Nf6 5. Nc3 Nc6 6. Bc4 Bd7 7. O-O g6 8. h3 Bg7 9. Be3 O-O 10. Qd2 a6 11. a4 Ne5 12. Bb3 Rc8 13. Qe2 Qc7 14. Rad1 Nc4 15. Bc1 Rfe8 16. Kh1 e6 17. f4 Qc5 18. Nf3 Nh5 19. Kh2 Nxb2 20. Bxb2 Bxc3 21. Bxc3 Qxc3 22. Rxd6 Nxf4 23. Qd2 Qxd2 24. Nxd2 Bc6 25. Rxf4 Kg7 26. Kg1 Re7 27. Kf1 Rec7 28. h4 h5 29. g3 Re7 30. Ke2 Rec7 31. Ke3 Re8 32. Rf2 Rce7 33. Nf3 Rc8 34. Rfd2 Be8 35. Rb6 Rcc7 36. Rd8 Bc6 37. Ne5 Be8 38. Rbd6 Rc3+ 39. Rd3 Rcc7 40. R3d4 Rc3+ 41. Kf4 f6 42. Rxe8 fxe5+ 43. Kxe5 Rxe8 44. Rd7+ Kh6 45. Rxb7 Rxg3 46. Rb6 Rg4 47. Rxa6 Rxh4 48. c4 Rb8 49. Bd1 Rb4 50. Rxe6 Rxc4 51. Bf3 Rxa4 52. Kd6 Ra6+ 53. Kd7 Rxe6 54. Kxe6 Rf4 55. Bg2 Rf2 56. Bh1 g5 57. e5 g4 58. Kd7 0-1

[Event "Winnipeg TNT August op"]
[Site "Winnipeg CAN"]
[Date "2009.08.25"]
[Round "4"]
[White "Letain, Cory"]
[Black "Keer, Keer"]
[Result "1-0"]
[WhiteElo "1622"]
[BlackElo "1433"]
[PlyCount "73"]
[GameId "2160767910093398"]
[EventDate "2009.08.04"]
[EventType "swiss"]
[EventRounds "4"]
[EventCountry "CAN"]
[SourceTitle "EXT 2011"]
[Source "ChessBase"]
[SourceDate "2011.11.26"]
[SourceVersion "1"]
[SourceVersionDate "2011.11.26"]
[SourceQuality "1"]

1. d4 d5 2. c4 e6 3. Nf3 Nf6 4. Bg5 Be7 5. e3 Qd6 6. Be2 Qb4+ 7. Nc3 Qxb2 8. Qc1 Qb4 9. O-O dxc4 10. Bxf6 Bxf6 11. Ne4 O-O 12. Nxf6+ gxf6 13. Bxc4 Kh8 14. Rb1 Qa5 15. Rb5 Qa4 16. Qc3 a6 17. Ra5 Qe8 18. Bb5 c6 19. Bd3 b5 20. a4 Bb7 21. axb5 cxb5 22. d5 e5 23. e4 Rg8 24. Nh4 Rg4 25. Nf5 Qg8 26. g3 Qf8 27. Qc7 Bc8 28. Nd6 Nd7 29. Bxb5 Rg8 30. Bxd7 Bxd7 31. Qxd7 Rd8 32. Nxf7+ Kg7 33. Nxd8+ Kh6 34. Nf7+ Kh5 35. Qf5+ Rg5 36. Nxg5 Qb4 37. Nf7# 1-0

[Event "Winnipeg TNT August op"]
[Site "Winnipeg CAN"]
[Date "2009.08.25"]
[Round "4"]
[White "Magnusson, Saul"]
[Black "Einarsson, Ken"]
[Result "0-1"]
[WhiteElo "1564"]
[BlackElo "1768"]
[PlyCount "96"]
[GameId "2160767910093399"]
[EventDate "2009.08.04"]
[EventType "swiss"]
[EventRounds "4"]
[EventCountry "CAN"]
[SourceTitle "EXT 2011"]
[Source "ChessBase"]
[SourceDate "2011.11.26"]
[SourceVersion "1"]
[SourceVersionDate "2011.11.26"]
[SourceQuality "1"]

1. e4 e5 2. Nf3 Nc6 3. Bb5 Bc5 4. c3 a6 5. Bxc6 dxc6 6. O-O Bg4 7. h3 Bh5 8. Qe2 Qf6 9. Rd1 h6 10. d3 O-O-O 11. Be3 Bxf3 12. Qxf3 Qxf3 13. gxf3 Bd6 14. Nd2 f5 15. Nc4 f4 16. Nxd6+ cxd6 17. Bb6 Rd7 18. c4 g5 19. d4 Nf6 20. dxe5 dxe5 21. Kf1 h5 22. Ke2 g4 23. hxg4 hxg4 24. Rxd7 gxf3+ 25. Kxf3 Nxd7 26. Ba5 Nc5 27. Rd1 Rg8 28. Rd6 Nd7 29. Re6 Kb8 30. Bc3 Rg5 31. Re7 Kc7 32. Ba5+ Kd6 33. Bd8 Rg8 34. c5+ Nxc5 35. Bb6 Kxe7 36. Bxc5+ Ke6 37. a3 b6 38. Bb4 c5 39. Bc3 b5 40. Ke2 Rd8 41. Kf3 Rd3+ 42. Ke2 Rh3 43. Ba5 Rb3 44. Bc3 b4 45. axb4 cxb4 46. Bd2 Rxb2 47. Kd3 Rxd2+ 48. Kxd2 a5 0-1

[Event "Winnipeg TNT August op"]
[Site "Winnipeg CAN"]
[Date "2009.08.25"]
[Round "4"]
[White "Milord, Frank"]
[Black "Crawford, Gary"]
[Result "0-1"]
[WhiteElo "1647"]
[BlackElo "1385"]
[PlyCount "66"]
[GameId "2160767910093400"]
[EventDate "2009.08.04"]
[EventType "swiss"]
[EventRounds "4"]
[EventCountry "CAN"]
[SourceTitle "EXT 2011"]
[Source "ChessBase"]
[SourceDate "2011.11.26"]
[SourceVersion "1"]
[SourceVersionDate "2011.11.26"]
[SourceQuality "1"]

1. e4 c5 2. Nf3 d6 3. d4 cxd4 4. Nxd4 Nf6 5. Nc3 a6 6. Be3 e5 7. Nf3 Qc7 8. Be2 Be7 9. h3 Be6 10. O-O Nbd7 11. Nd5 Nxd5 12. exd5 Bf5 13. c4 O-O 14. Rc1 h6 15. b4 Rfc8 16. g4 Bg6 17. Nd2 a5 18. a3 Qd8 19. Nf3 e4 20. Nd4 Bg5 21. Qd2 Bxe3 22. Qxe3 axb4 23. axb4 Ne5 24. f4 exf3 25. Nxf3 Qe8 26. Nxe5 f6 27. Bd3 Bxd3 28. Qxd3 fxe5 29. Ra1 Rxa1 30. Rxa1 e4 31. Qe2 Qe5 32. Rd1 Qg3+ 33. Kf1 Rf8+ 0-1

[Event "Winnipeg TNT August op"]
[Site "Winnipeg CAN"]
[Date "2009.08.25"]
[Round "4"]
[White "Villeneuve, Justin"]
[Black "Iomdina, Alexander"]
[Result "1-0"]
[WhiteElo "1306"]
[BlackElo "1262"]
[PlyCount "97"]
[GameId "2160767910093401"]
[EventDate "2009.08.04"]
[EventType "swiss"]
[EventRounds "4"]
[EventCountry "CAN"]
[SourceTitle "EXT 2011"]
[Source "ChessBase"]
[SourceDate "2011.11.26"]
[SourceVersion "1"]
[SourceVersionDate "2011.11.26"]
[SourceQuality "1"]

1. e4 c5 2. Nf3 d6 3. Bb5+ Nd7 4. Nc3 a6 5. Bxd7+ Bxd7 6. O-O g6 7. d3 Bg7 8. Bd2 Nf6 9. e5 dxe5 10. Nxe5 Qc7 11. Nxd7 Qxd7 12. Bg5 Ng4 13. Re1 Qc7 14. Qxg4 h5 15. Qh4 f6 16. Bf4 g5 17. Bxc7 gxh4 18. Bd6 e5 19. Bxc5 Rc8 20. Bb4 Bf8 21. Bxf8 Kxf8 22. Re4 Rg8 23. Rxh4 Kf7 24. Rxh5 Rcd8 25. Rh7+ Kg6 26. Rxb7 Rd6 27. Re1 Rf8 28. Re4 Re8 29. h3 f5 30. Re3 Red8 31. Rg3+ Kh5 32. Rh7+ Rh6 33. Rxh6+ Kxh6 34. Re3 Rb8 35. b3 Rc8 36. Nd5 Rxc2 37. Rxe5 Rxa2 38. Rxf5 Ra3 39. Rf6+ Kg5 40. f4+ Kh5 41. g4+ Kh4 42. Rh6+ Kg3 43. Kf1 Rxb3 44. g5 Kf3 45. Ke1 Rxd3 46. Nb4 Rb3 47. Kd2 Rb2+ 48. Kc3 Kxf4 49. Kxb2 1-0

[Event "Winnipeg TNT August op"]
[Site "Winnipeg CAN"]
[Date "2009.08.25"]
[Round "4"]
[White "Wasserman, Arie"]
[Black "Schulz, Waldemar"]
[Result "0-1"]
[WhiteElo "1698"]
[BlackElo "2027"]
[PlyCount "59"]
[GameId "2160767910093402"]
[EventDate "2009.08.04"]
[EventType "swiss"]
[EventRounds "4"]
[EventCountry "CAN"]
[SourceTitle "EXT 2011"]
[Source "ChessBase"]
[SourceDate "2011.11.26"]
[SourceVersion "1"]
[SourceVersionDate "2011.11.26"]
[SourceQuality "1"]

1. e4 c5 2. Nf3 e6 3. c4 Nc6 4. Nc3 d6 5. g3 g6 6. Bg2 Bg7 7. O-O Nge7 8. d3 O-O 9. Bd2 Rb8 10. Qc1 Nb4 11. Ne1 Nec6 12. a3 Nd4 13. Kh1 Nb3 14. Qd1 Nxd2 15. Qxd2 Nc6 16. Rb1 Qf6 17. f4 a6 18. Nf3 b5 19. Na2 Nd4 20. Nxd4 Qxd4 21. b3 Bd7 22. Rfd1 Rb6 23. Qa5 Rfb8 24. Qe1 Bc6 25. Nc1 Qf6 26. Ne2 Qe7 27. Ng1 Qb7 28. cxb5 Rxb5 29. a4 Rxb3 30. Ra1 0-1

[Event "Winnipeg TNT August op"]
[Site "Winnipeg CAN"]
[Date "2009.08.25"]
[Round "4"]
[White "Zaczek, Jonathon"]
[Black "Swift, Ryne"]
[Result "1-0"]
[WhiteElo "2121"]
[BlackElo "1779"]
[PlyCount "95"]
[GameId "2160767910093403"]
[EventDate "2009.08.04"]
[EventType "swiss"]
[EventRounds "4"]
[EventCountry "CAN"]
[SourceTitle "EXT 2011"]
[Source "ChessBase"]
[SourceDate "2011.11.26"]
[SourceVersion "1"]
[SourceVersionDate "2011.11.26"]
[SourceQuality "1"]

1. e4 e5 2. Nf3 Nc6 3. Bb5 a6 4. Ba4 Nf6 5. O-O b5 6. Bb3 Be7 7. Re1 O-O 8. a4 Bb7 9. d3 d6 10. Nbd2 Na5 11. Ba2 c5 12. Nf1 h6 13. Ne3 Re8 14. Bd2 Nc6 15. Nd5 Bf8 16. h3 Nxd5 17. Bxd5 Qd7 18. Nh2 Ne7 19. Bb3 Ng6 20. Ng4 Kh8 21. Qf3 Re7 22. Ne3 Kh7 23. Bd5 Nf4 24. Bxb7 Qxb7 25. axb5 axb5 26. Nf5 Rxa1 27. Rxa1 Re6 28. Bxf4 exf4 29. Qxf4 Rf6 30. Qg4 g6 31. Ne3 Re6 32. Nd5 Bg7 33. c3 b4 34. Qd1 bxc3 35. bxc3 c4 36. f3 cxd3 37. Qxd3 Qc6 38. Rd1 Qc5+ 39. Kh1 Re8 40. f4 Rc8 41. f5 gxf5 42. exf5 Be5 43. f6+ Kh8 44. Qd2 Kh7 45. Qc2+ Kh8 46. Qf5 Ra8 47. Qh5 Kh7 48. Qxf7+ 1-0

[Event "Winnipeg TNT February op"]
[Site "Winnipeg CAN"]
[Date "2009.02.03"]
[Round "1"]
[White "Campbell, Gary"]
[Black "Khedkar, Jay S"]
[Result "0-1"]
[WhiteElo "1620"]
[BlackElo "2003"]
[PlyCount "58"]
[GameId "2160767910264848"]
[EventDate "2009.02.03"]
[EventType "swiss"]
[EventRounds "4"]
[EventCountry "CAN"]
[SourceTitle "EXT 2011"]
[Source "ChessBase"]
[SourceDate "2011.11.26"]
[SourceVersion "1"]
[SourceVersionDate "2011.11.26"]
[SourceQuality "1"]

1. d4 d5 2. c4 e6 3. Nc3 Nf6 4. Bg5 Nbd7 5. cxd5 exd5 6. e3 c6 7. Bd3 Bd6 8. Qc2 h6 9. Bh4 O-O 10. Nf3 Re8 11. O-O Nf8 12. a3 Bg4 13. Nd2 Bh5 14. e4 dxe4 15. Ndxe4 Be7 16. Bxf6 Bxf6 17. Nxf6+ Qxf6 18. d5 Rad8 19. Rfe1 Rxe1+ 20. Rxe1 cxd5 21. Nb5 Ne6 22. Nc7 Nf4 23. Bh7+ Kh8 24. Qf5 Qxf5 25. Bxf5 d4 26. g3 d3 27. g4 Bg6 28. f3 Rc8 29. Nb5 Rc2 0-1

[Event "Winnipeg TNT February op"]
[Site "Winnipeg CAN"]
[Date "2009.02.03"]
[Round "1"]
[White "Czarny, Keith"]
[Black "Magnusson, Saul"]
[Result "1-0"]
[WhiteElo "1700"]
[BlackElo "1418"]
[PlyCount "101"]
[GameId "2160767910264849"]
[EventDate "2009.02.03"]
[EventType "swiss"]
[EventRounds "4"]
[EventCountry "CAN"]
[SourceTitle "EXT 2011"]
[Source "ChessBase"]
[SourceDate "2011.11.26"]
[SourceVersion "1"]
[SourceVersionDate "2011.11.26"]
[SourceQuality "1"]

1. Nf3 Nf6 2. g3 d5 3. d4 e6 4. Bg2 Nbd7 5. O-O c5 6. c3 Be7 7. Nbd2 b6 8. dxc5 Bxc5 9. Nb3 Bd6 10. Nbd4 O-O 11. c4 Bb7 12. cxd5 Bxd5 13. Bg5 h6 14. Bxf6 Qxf6 15. Qd2 Rac8 16. Nb5 Bb8 17. Nc3 Bc6 18. Rac1 Nc5 19. b4 Rfd8 20. Qb2 Ne4 21. Rc2 Nxc3 22. Qxc3 Qf5 23. Nh4 Bxg2 24. Qxc8 Qf6 25. Nxg2 Rxc8 26. Rxc8+ Kh7 27. Rxb8 Qe5 28. Rb7 a6 29. Rxb6 Qxe2 30. a4 g5 31. b5 Qc4 32. Rxa6 Kg6 33. Ne3 Qe4 34. Rc6 Qxa4 35. Rb1 Qe4 36. Rcc1 f5 37. Re1 Qb7 38. Nc4 Kh5 39. h3 f4 40. Nd6 Qb6 41. Ne4 fxg3 42. Nxg3+ Kh4 43. Kg2 h5 44. Rb4+ g4 45. hxg4 hxg4 46. Rh1+ Kg5 47. Rh5+ Kg6 48. Rxg4+ Kf7 49. Re4 Ke7 50. Rc4 Kf7 51. Rc6 1-0

[Event "Winnipeg TNT February op"]
[Site "Winnipeg CAN"]
[Date "2009.02.03"]
[Round "1"]
[White "Gibbons, Lorne"]
[Black "Wasserman, Arie"]
[Result "0-1"]
[WhiteElo "1217"]
[BlackElo "1640"]
[PlyCount "40"]
[GameId "2160767910264850"]
[EventDate "2009.02.03"]
[EventType "swiss"]
[EventRounds "4"]
[EventCountry "CAN"]
[SourceTitle "EXT 2011"]
[Source "ChessBase"]
[SourceDate "2011.11.26"]
[SourceVersion "1"]
[SourceVersionDate "2011.11.26"]
[SourceQuality "1"]

1. d4 d5 2. c4 c6 3. Nc3 Nf6 4. f3 Nbd7 5. Bf4 e6 6. Qb3 Nh5 7. Be3 Bd6 8. g4 Nf4 9. h4 Nf6 10. c5 Bc7 11. Nh3 Nxh3 12. Bxh3 Qe7 13. O-O-O e5 14. Bg5 h6 15. Bxf6 Qxf6 16. Bg2 Qf4+ 17. Kb1 exd4 18. Nxd5 cxd5 19. Rxd4 Qxd4 20. Qxd5 Qxd5 0-1

[Event "Winnipeg TNT February op"]
[Site "Winnipeg CAN"]
[Date "2009.02.03"]
[Round "1"]
[White "Kernetsky, Myron"]
[Black "Evans, Brian"]
[Result "1-0"]
[WhiteElo "1960"]
[BlackElo "1558"]
[PlyCount "35"]
[GameId "2160767910264851"]
[EventDate "2009.02.03"]
[EventType "swiss"]
[EventRounds "4"]
[EventCountry "CAN"]
[SourceTitle "EXT 2011"]
[Source "ChessBase"]
[SourceDate "2011.11.26"]
[SourceVersion "1"]
[SourceVersionDate "2011.11.26"]
[SourceQuality "1"]

1. d4 d5 2. c4 e6 3. Nf3 Nf6 4. Nc3 Be7 5. Bf4 a6 6. e3 O-O 7. Bd3 dxc4 8. Bxc4 b5 9. Bd3 Bb7 10. O-O Nd5 11. Nxd5 exd5 12. Qc2 g6 13. Bxc7 Qc8 14. Rac1 Nc6 15. Bf4 Qd7 16. Qe2 Bf6 17. Rc2 Nb4 18. Rc7 1-0

[Event "Winnipeg TNT February op"]
[Site "Winnipeg CAN"]
[Date "2009.02.03"]
[Round "1"]
[White "Letain, Cory"]
[Black "Lauritson, Jim"]
[Result "1/2-1/2"]
[WhiteElo "1519"]
[BlackElo "1944"]
[PlyCount "53"]
[GameId "2160767910264852"]
[EventDate "2009.02.03"]
[EventType "swiss"]
[EventRounds "4"]
[EventCountry "CAN"]
[SourceTitle "EXT 2011"]
[Source "ChessBase"]
[SourceDate "2011.11.26"]
[SourceVersion "1"]
[SourceVersionDate "2011.11.26"]
[SourceQuality "1"]

1. d4 Nf6 2. c4 e6 3. Nf3 b6 4. Nc3 Bb7 5. Qc2 Bb4 6. Bd2 c5 7. Nb5 Bxd2+ 8. Nxd2 d6 9. dxc5 bxc5 10. e4 a6 11. Nc3 Nc6 12. f3 Nd4 13. Qd3 O-O 14. Ne2 d5 15. Nxd4 dxe4 16. Nxe6 Qe7 17. fxe4 Qxe6 18. O-O-O Rad8 19. Qe3 Nxe4 20. Bd3 Rxd3 21. Qxd3 Nf2 22. Qa3 Nxh1 23. Rxh1 Qe5 24. Qg3 Qd4 25. Re1 Rd8 26. Qe3 Qxe3 27. Rxe3 1/2-1/2

[Event "Winnipeg TNT February op"]
[Site "Winnipeg CAN"]
[Date "2009.02.03"]
[Round "1"]
[White "Oberton, Daniel"]
[Black "Lipic, Stephen"]
[Result "1-0"]
[WhiteElo "2002"]
[BlackElo "1623"]
[PlyCount "107"]
[GameId "2160767910264853"]
[EventDate "2009.02.03"]
[EventType "swiss"]
[EventRounds "4"]
[EventCountry "CAN"]
[SourceTitle "EXT 2011"]
[Source "ChessBase"]
[SourceDate "2011.11.26"]
[SourceVersion "1"]
[SourceVersionDate "2011.11.26"]
[SourceQuality "1"]

1. e4 c6 2. d4 d5 3. exd5 cxd5 4. c4 Nf6 5. Nf3 Bg4 6. c5 Nc6 7. Bb5 g6 8. Qa4 Qc8 9. Ne5 Bd7 10. Nxd7 Nxd7 11. Nc3 e6 12. O-O Bg7 13. Bxc6 Qxc6 14. Qxc6 bxc6 15. Ne2 O-O 16. Bf4 Rfe8 17. Bd6 e5 18. Rfd1 e4 19. b4 Bf8 20. Bf4 Nf6 21. a4 Nh5 22. Be3 Rab8 23. Rdb1 a6 24. Rb3 Rb7 25. Rab1 Ng7 26. b5 axb5 27. axb5 cxb5 28. Rxb5 Rxb5 29. Rxb5 Nf5 30. Nc3 Ne7 31. Bg5 Nc6 32. Be3 Bg7 33. Nxd5 Nxd4 34. Bxd4 Bxd4 35. c6 Kf8 36. c7 Be5 37. Nf6 Bxc7 38. Nxe8 Kxe8 39. Kf1 Kf8 40. h3 Kg8 41. g4 h6 42. Ke2 Bf4 43. Rb4 g5 44. Rxe4 Kg7 45. Kf3 Bd6 46. Ra4 Bc5 47. Ra2 f6 48. Ke4 Kg6 49. f3 h5 50. Kd5 Be3 51. Ke6 Bd4 52. Ra8 h4 53. Rg8+ Kh7 54. Kf7 1-0

[Event "Winnipeg TNT February op"]
[Site "Winnipeg CAN"]
[Date "2009.02.03"]
[Round "1"]
[White "Ott, Richard"]
[Black "Wiebe, Daniel"]
[Result "1-0"]
[WhiteElo "1431"]
[BlackElo "1910"]
[PlyCount "91"]
[GameId "2160767910264854"]
[EventDate "2009.02.03"]
[EventType "swiss"]
[EventRounds "4"]
[EventCountry "CAN"]
[SourceTitle "EXT 2011"]
[Source "ChessBase"]
[SourceDate "2011.11.26"]
[SourceVersion "1"]
[SourceVersionDate "2011.11.26"]
[SourceQuality "1"]

1. d4 Nf6 2. Nf3 g6 3. Bf4 d6 4. e3 Bg7 5. h3 Nbd7 6. Be2 b6 7. O-O Bb7 8. Bh2 O-O 9. c4 Kh8 10. Nc3 Ng8 11. Re1 e6 12. Qc2 f5 13. d5 e5 14. e4 f4 15. h4 Ngf6 16. Ng5 Qe7 17. Ne6 Rfc8 18. b4 Nf8 19. Nxg7 Kxg7 20. Qd3 N8d7 21. Qh3 a5 22. bxa5 Rxa5 23. Kh1 Nc5 24. h5 Nfxe4 25. h6+ Kg8 26. Nxe4 Nxe4 27. Qf3 Nf6 28. Bd3 Rca8 29. Bxf4 Rxa2 30. Rxa2 Rxa2 31. Bg5 Kf7 32. Re3 Ra1+ 33. Kh2 Ra8 34. Qh3 Bc8 35. Qh4 Ng4+ 36. Kg3 Qd7 37. Rf3+ Kg8 38. Be7 Bb7 39. Qg5 Nxh6 40. Bxg6 Qg4+ 41. Qxg4 Nxg4 42. Bf7+ Kg7 43. Kxg4 Ra4 44. Kh5 Rxc4 45. Be6 Bxd5 46. Rg3+ 1-0

[Event "Winnipeg TNT February op"]
[Site "Winnipeg CAN"]
[Date "2009.02.03"]
[Round "1"]
[White "Rutter, Blair"]
[Black "Wasserman, Leor"]
[Result "1/2-1/2"]
[WhiteElo "1865"]
[BlackElo "1510"]
[PlyCount "133"]
[GameId "2160767910264855"]
[EventDate "2009.02.03"]
[EventType "swiss"]
[EventRounds "4"]
[EventCountry "CAN"]
[SourceTitle "EXT 2011"]
[Source "ChessBase"]
[SourceDate "2011.11.26"]
[SourceVersion "1"]
[SourceVersionDate "2011.11.26"]
[SourceQuality "1"]

1. c4 e5 2. g3 Nf6 3. Bg2 Bc5 4. Nc3 Nc6 5. e3 d6 6. Nge2 O-O 7. O-O Bf5 8. e4 Bg4 9. h3 Bxe2 10. Qxe2 Nd4 11. Qd1 Qd7 12. d3 c6 13. Kh2 Rad8 14. Bg5 Kh8 15. Qd2 Ne6 16. Be3 Nd4 17. f4 exf4 18. Rxf4 Nh5 19. Rf2 f5 20. Raf1 g6 21. Ne2 Nxe2 22. Qxe2 Bxe3 23. Qxe3 Ng7 24. Qxa7 Qc7 25. Qd4 Kg8 26. Qc3 Nh5 27. d4 fxe4 28. Rxf8+ Rxf8 29. Rxf8+ Kxf8 30. Bxe4 Nf6 31. Bf3 Qe7 32. d5 c5 33. Kg2 Kf7 34. b3 b6 35. g4 Qe8 36. g5 Nd7 37. h4 Qe5 38. Qd3 Qf4 39. Qe4 Qxe4 40. Bxe4 Ke8 41. Kf2 Kd8 42. Ke3 Kc7 43. Kf4 Kd8 44. Bg2 Ne5 45. Ke4 Nd7 46. Bh3 Nf8 47. Kd3 Kc7 48. Kc3 Nd7 49. Be6 Nf8 50. Bf7 Kc8 51. b4 Kc7 52. bxc5 bxc5 53. Kb3 Kb6 54. Ka4 Ka6 55. Be6 Kb6 56. Bc8 Kc7 57. Bg4 Nd7 58. Kb5 Ne5 59. Be2 Nd7 60. a4 Kb7 61. h5 Nb6 62. hxg6 hxg6 63. Bd3 Nd7 64. Bxg6 Ne5 65. Be8 Nf3 66. g6 Nd4+ 67. Ka5 1/2-1/2

[Event "Winnipeg TNT February op"]
[Site "Winnipeg CAN"]
[Date "2009.02.03"]
[Round "1"]
[White "Trinidad, Kris"]
[Black "Mundwiler, Les"]
[Result "0-1"]
[WhiteElo "1571"]
[BlackElo "1991"]
[PlyCount "102"]
[GameId "2160767910264856"]
[EventDate "2009.02.03"]
[EventType "swiss"]
[EventRounds "4"]
[EventCountry "CAN"]
[SourceTitle "EXT 2011"]
[Source "ChessBase"]
[SourceDate "2011.11.26"]
[SourceVersion "1"]
[SourceVersionDate "2011.11.26"]
[SourceQuality "1"]

1. e4 c5 2. Nf3 Nc6 3. d4 cxd4 4. Nxd4 Nf6 5. Nc3 d6 6. Be3 Ng4 7. Qd2 Nxe3 8. Qxe3 e6 9. Bb5 Bd7 10. O-O-O Be7 11. Kb1 O-O 12. Rhe1 a6 13. Nxc6 bxc6 14. Ba4 Qc7 15. g4 Rfb8 16. Rd3 Qb6 17. Qxb6 Rxb6 18. e5 d5 19. Ne4 Rab8 20. Bb3 c5 21. c4 d4 22. f4 Bc6 23. f5 a5 24. Rd2 Bh4 25. Ree2 d3 26. Rxd3 Bxe4 27. Rxe4 a4 28. Rh3 axb3 29. Rxh4 bxa2+ 30. Kxa2 Rxb2+ 31. Ka1 R2b4 32. Re2 Rxc4 33. Rh3 Rxg4 34. fxe6 fxe6 35. Rc3 Ra4+ 36. Ra2 Rxa2+ 37. Kxa2 Rc8 38. Rf3 c4 39. Kb2 Rc5 40. Kc3 Rxe5 41. Kxc4 Rf5 42. Re3 Kf7 43. Kd4 g5 44. h3 h5 45. Rg3 Kf6 46. Ke4 Rf4+ 47. Ke3 e5 48. Rg1 Rh4 49. Rf1+ Ke6 50. Rf3 e4 51. Rf1 Ke5 0-1

[Event "Winnipeg TNT February op"]
[Site "Winnipeg CAN"]
[Date "2009.02.10"]
[Round "2"]
[White "Evans, Brian"]
[Black "Campbell, Gary"]
[Result "0-1"]
[WhiteElo "1558"]
[BlackElo "1620"]
[PlyCount "111"]
[GameId "2160767910264857"]
[EventDate "2009.02.03"]
[EventType "swiss"]
[EventRounds "4"]
[EventCountry "CAN"]
[SourceTitle "EXT 2011"]
[Source "ChessBase"]
[SourceDate "2011.11.26"]
[SourceVersion "1"]
[SourceVersionDate "2011.11.26"]
[SourceQuality "1"]

1. e4 e6 2. d4 d5 3. Nc3 Nf6 4. Bg5 Be7 5. e5 Nfd7 6. Bxe7 Qxe7 7. f4 c5 8. Nb5 Na6 9. Nd6+ Kf8 10. Bxa6 bxa6 11. dxc5 Nxc5 12. Qd4 Qc7 13. Qc3 a5 14. a3 a4 15. b4 axb3 16. cxb3 Ba6 17. Rd1 Qb6 18. b4 Nb7 19. Nxb7 Qxb7 20. Rc1 Bc4 21. Qd4 Rc8 22. Nf3 Ke7 23. Kf2 Qa6 24. Rc3 Qb6 25. Rhc1 Kd7 26. Ke3 f6 27. Nd2 fxe5 28. fxe5 Ba6 29. a4 Rhf8 30. Qxb6 axb6 31. Rxc8 Rxc8 32. Rxc8 Kxc8 33. b5 Bb7 34. Kd4 Kd7 35. Nf3 h6 36. g4 g6 37. h4 Ke7 38. g5 h5 39. Nd2 Kd8 40. Nb3 Kc7 41. Kc3 Bc8 42. Kb4 Bd7 43. a5 bxa5+ 44. Kxa5 Bc8 45. Nd4 Kb7 46. Nc6 Bd7 47. Nd4 Bc8 48. Kb4 Kb6 49. Nc6 Ba6 50. Nd4 Bc8 51. Ne2 Bd7 52. Nf4 Bxb5 53. Nxg6 Be8 54. Nf4 Bf7 55. g6 Bxg6 56. Nxg6 0-1